Fourth consecutive monthly fall for house prices (Record no. 118224)
[ view plain ]
| 000 -LEADER | |
|---|---|
| fixed length control field | 01230cam a2200229 4500 |
| 001 - CONTROL NUMBER | |
| control field | WB@3612-467 |
| 008 - FIXED-LENGTH DATA ELEMENTS--GENERAL INFORMATION | |
| fixed length control field | 041026n2004 000 0 eng u |
| 035 ## - SYSTEM CONTROL NUMBER | |
| System control number | (Sirsi) u127823 |
| 245 ## - TITLE STATEMENT | |
| Title | Fourth consecutive monthly fall for house prices |
| 260 ## - PUBLICATION, DISTRIBUTION, ETC. | |
| Date of publication, distribution, etc. | 2004 |
| 490 ## - SERIES STATEMENT | |
| Series statement | Hometrack Press Release |
| Volume/sequential designation | 25 October 2004 (10) |
| 520 ## - SUMMARY, ETC. | |
| Summary, etc. | The Hometrack "Monthly national survey: October 2004" shows that there has been a -0.6% fall in average national house prices. Over the last eight months house price inflation has reduced from a peak of +0.9% in February 2004 to negative price growth since the summer. Agreed sales fell by 1% this month and the average time taken to sell has risen to 6.5 weeks. The average price achieved fell further to 93.7% of the asking price, the lowest level recorded by Hometrack, indicating that a buyers market remains in force. No counties reported house price rises. For further details go to the website. http://www.hometrack.co.uk/ |
| 590 ## - LOCAL NOTE (RLIN) | |
| Local note | WB |
| 590 ## - LOCAL NOTE (RLIN) | |
| Local note | WB |
| 650 ## - SUBJECT ADDED ENTRY--TOPICAL TERM | |
| Topical term or geographic name entry element | HOMETRACK.CO.UK HOUSE PRICE INDEX |
| 650 ## - SUBJECT ADDED ENTRY--TOPICAL TERM | |
| Topical term or geographic name entry element | HOUSE PRICE INFLATION |
| 650 ## - SUBJECT ADDED ENTRY--TOPICAL TERM | |
| Topical term or geographic name entry element | INTEREST RATES |
| 650 ## - SUBJECT ADDED ENTRY--TOPICAL TERM | |
| Topical term or geographic name entry element | HOUSING-MARKET |
| 650 ## - SUBJECT ADDED ENTRY--TOPICAL TERM | |
| Topical term or geographic name entry element | HOMEBUYING |
| 690 ## - LOCAL SUBJECT ADDED ENTRY--TOPICAL TERM (OCLC, RLIN) | |
| Topical term or geographic name as entry element | HOUSING-HOUSE PRICES |
| 942 ## - ADDED ENTRY ELEMENTS (KOHA) | |
| Suppress in OPAC | 0 |
| Withdrawn status | Lost status | Source of classification or shelving scheme | Damaged status | Not for loan | Home library | Current library | Shelving location | Date acquired | Total Checkouts | Full call number | Barcode | Date last seen | Copy number | Price effective from | Koha item type |
|---|---|---|---|---|---|---|---|---|---|---|---|---|---|---|---|
| Dewey Decimal Classification | London | London | News article | 26/10/2004 | WB4041-12 | 127823-1001 | 06/08/2019 | 1 | 06/08/2019 | News article |